Quizzes
Events
Quiz Creation
Community
Videos
Private Events
Remove Ads
Sign In
Join for FREE
Feedback
Dark Mode
Quiz Categories
Sports
Geography
Music
Movies
Television
Just For Fun
Miscellaneous
History
Literature
Language
Science
Gaming
Entertainment
Religion
Holiday
For Kids
Quiz Lab
Recent
Popular Today
Quiz Kudos Today
Editor Picks
Curator Picks
Quizzes by...
Day
Popularity
Type
Ratings
Length
Year
Community
Subscriptions
Recent Discussions
Orange Saloon
Badges
Playlists
Quests
Create
Leaderboards
Showdown
Live 5
Trivia Bingo
Activity
Puzzle Library
Sporcle Events
Private Events
Virtual Trivia
Globe League
Become a Host
Pub Owners
SporcleCon
Opinionation
Our Games
Videos
Blog
Mobile Apps
Partnerships
Remove Ads and Go Orange
Feedback
Movies
Disney
Marvel Cinematic Universe
Movie Resume
Movie Titles
Oscar
Actor
Actress
Director
Pixar
Role
Movie Quotes
Movie Characters
Box Office
Nominee
Best Picture
Star Wars
James Bond
Horror Movies
Movies
Disney
Marvel Cinematic Universe
Movie Resume
Movie Titles
Oscar
Actor
Actress
Director
Pixar
Role
Movie Quotes
Movie Characters
Box Office
Nominee
Best Picture
Star Wars
James Bond
Horror Movies
Random Quiz
Search Sporcle
×
Quiz Lab
Quiz Lab
Movies
Letter
Type in answers that appear in a list
Type in answers that appear in a list
Classic
Best Score? Go Orange.
Best Picture Winners, Alphabetically Stats
Can you name the the films to win Best Picture, in alphabetical order?
By
CalBenGan
15m
83 Questions
307 Plays
307 Plays
307 Plays
Comments
Comments
Give Quiz Kudos
Give Quiz Kudos
-
- Ratings
hide this ad
More Info
Forced Order
Answers have to be entered in order
Answers have to be entered in order
Replay
Link that replays current quiz
Next Quiz
Link to next quiz in quiz playlist
You Got
0%
They Got
Avg Score
71%
Avg Friend Score
Upgrade to see
Score Distribution
Jump to the score distribution portion of the page
Score
0/83
Timer
15:00
0
Plays Today
First letter
Film
% Correct
A
All About Eve
84.4%
K*
The King's Speech
83.4%
C
Chicago
83.1%
A
American Beauty
82.7%
C
Casablanca
82.7%
D*
The Departed
82.4%
G*
The Godfather
80.8%
C
Crash
80.5%
E*
The English Patient
80.5%
T
Titanic
80.5%
A
Amadeus
79.5%
G*
The Godfather Part II
79.5%
G
Gone With the Wind
79.5%
H*
The Hurt Locker
79.5%
F
Forrest Gump
79.2%
A
All Quiet on the Western Front
78.8%
D
Dances with Wolves
78.8%
U
Unforgiven
78.2%
G
Gandhi
77.5%
A
Annie Hall
77.2%
A*
An American in Paris
76.9%
B
Braveheart
76.2%
P
Platoon
76.2%
C
Cimarron
75.9%
D
Driving Miss Daisy
75.6%
N
No Country For Old Men
75.6%
K
Kramer vs. Kramer
75.2%
C
Cavalcade
74.9%
First letter
Film
% Correct
B*
A Beautiful Mind
74.6%
D*
The Deer Hunter
73.9%
B
Ben-Hur
73.6%
I
In the Heat of the Night
73.6%
S
Shakespeare in Love
73.6%
W
Wings
73.6%
S*
The Silence of the Lambs
73.3%
A
All the King's Men
72.6%
F*
The French Connection
72.3%
P
Patton
72.3%
G
Gladiator
72%
S
Schindler's List
72%
W
West Side Story
72%
A*
The Apartment
71.7%
C
Chariots of Fire
71.7%
F
From Here to Eternity
71%
O
Ordinary People
70.4%
G*
The Greatest Show on Earth
70%
H
Hamlet
69.7%
Y
You Can't Take it With You
69.7%
B
Broadway Melody
69.4%
H
How Green Was My Valley
69.4%
A
Around the World in 80 Days
69.1%
S
Slumdog Millionaire
69.1%
L*
The Last Emperor
68.7%
I
It Happened One Night
68.4%
S*
The Sound of Music
68.4%
G
Gigi
68.1%
First letter
Film
% Correct
L*
The Lord of the Rings: The Return of the King
68.1%
B*
The Best Years of Our Lives
67.8%
O
Oliver!
67.4%
R
Rebecca
67.4%
R
Rocky
67.1%
G
Grand Hotel
66.8%
M
Marty
66.8%
G*
The Great Ziegfeld
66.1%
B*
The Bridge on the River Kwai
65.8%
G
Going My Way
65.8%
L
Lawrence of Arabia
65.8%
M
Million Dollar Baby
65.8%
O
One Flew Over the Cuckoo's Nest
65.8%
R
Rain Man
65.5%
O
Out of Africa
64.8%
O
On the Waterfront
64.5%
M
My Fair Lady
63.8%
L*
The Lost Weekend
63.2%
G
Gentleman's Agreement
61.9%
M
Mrs. Miniver
61.6%
S*
The Sting
60.3%
T
Terms of Endearment
59.9%
T
Tom Jones
59.6%
M
Mutiny on the Bounty
59.3%
L*
The Life of Emile Zola
57.3%
M*
A Man for All Seasons
57%
M
Midnight Cowboy
56.4%
Quiz Playlist
Details
Report
Send in Message
Add To Playlist
More Info:
An asterisk (*) represents an article that is not counted when sorting the films alphabetically. Ex. "The Film" would still be under F.
Classic:
Type in answers that appear in a list
Forced Order:
Answers have to be entered in order
Last Updated: Feb 16, 2017
Quiz Scoreboard
CHALLENGE
Sign Up to Join the Scoreboard
Show All
Scores
Hide
Comments
May contain spoilers
Recently Published
An Introduction to Baseball
by treessimontrees
Sports
5m
Movies - When Are They Set?
by FPL_Elf
Movies
5m
Popular People in 1961
by mucciniale
History
6m
More to Explore
Quiz From the Vault
Featured Blog Post
Where Did the Easter Bunny Come From?
hide this ad
You Might Also Like...
Tags
Alphabet Quiz
Best Picture Quiz
Letter Quiz
Alphabetical
Image Quiz
Order
Win
Winner
Today's Top Quizzes in Movies
Browse Movies
hide this ad
Today's Top Quizzes in Letter
Browse Letter
Top Contributed Quizzes in Movies
1
Pick 5 Posters: Directed by Spielberg
2
Multi-Oscar Nominations, One Movie, One Winner
3
12 Movies about Fictional 1960s Events
4
One Thing in Common: Movies
5
Sunday Crossword: Film Score Composers
6
One Thing in Common: Movies II
7
Pick 5 Posters: Lowest-Rated Spielberg
8
Three Word 'H' Movies Match Up
9
Three Word 'T' Movies Match Up
10
7-to-1: Pixar Characters
Explore More
Trending Topics
Harry Potter
Anime
NBA
Marvel
Kpop
Crossword
Disney
NFL
Puzzle
The Office
WWE
Song
Soccer
Pokémon
Country
hide this ad
More By:
CalBenGan
Quiz
Plays
Rating
Category
Featured
Created
Batman Movies
168,465
3.78
Movies
Sep 23, 2009
Musician and Band Nicknames (Clickable)
1,310
3.75
Music
Apr 17, 2012
Rolling Stone's 100 Greatest Artists, by members' first names
687
3.13
Music
Oct 12, 2011
Rolling Stone's New Greatest Artists list
585
2.71
Music
Nov 29, 2009
Greatest Drummers Ever
481
5.00
Music
Jan 29, 2010
Go to Creator's Profile
Score Distribution
Quiz Creator Spotlight
CalBenGan
Follow
Send a Message
Quizzes Created
-
Created Quiz Play Count
-
More By This Creator
Popular Quizzes Today
1
Find the Countries of Europe - No Outlines Minefield
2
Find the US States - No Outlines Minefield
3
The Countries of the World
4
Popular People in 1961
5
US States
6
1-10 Letter E Words III
7
Find the US States
8
One Thing in Common: World Cities II
More Movies Quizzes
20 to 1 Movie Cast Match 5
Quiz Lab
Trending Quizzes
Risky Map Clicking: Least Populous States A-Z
1-10 Letter F Words
1-10 Letter G Words
One Thing in Common: United Kingdom
Risky Map Clicking: Next State Alphabetically
Recently Updated
Leaping Animals
pecheneg
Reality TV Shows (A-Z)
bhenderson79
Rickey Henderson's Hall of Fame Teammates
pecheneg
Champions League XIs: Arsenal
pecheneg
Quick Pick: Celebrities in WWE's Hall of Fame
aduchscher
A-Z Keypad Blitz II
pecheneg
Multiple Oscar Actors
pecheneg
Mystery Phrase Blitz: Oscar 'Best Actors'
pecheneg
F. Scott Fitzgerald Novels
LTH
Pick 3 Villains
ddd62291
Trending Topics
Harry Potter
Crossword
NBA
Marvel
Anime
Kpop
Disney
Country
Soccer
WWE
Puzzle
Pokémon
Song
The Office
NFL
Your Account Isn't Verified!
In order to create a playlist on Sporcle, you need to verify the email address you used during registration. Go to your
Sporcle Settings
to finish the process.
Report this User
Report this user for behavior that violates our
Community Guidelines
.
Details:
Send Report
Go to the Sporcle.com Mobile Site →
Comments